00386 a2200145 4500003000400000005001700004008004100021020001500062040000900077082002200086100002200108245006200130260003900192300000900231OSt20231215142835.0231215b |||||||| |||| 00| 0 eng d a817055747X coclc a954.035092bPRA/G aPrabhakar, Vishnu aGandhi : bSamay, Samaj aur Sanskriti /cVishnu Prabhakar aNew Delhi:bVani Prakashan,c2003. a192p